LEADER 00976nam a2200229 i 4500 001 991000644479707536 008 100317s2009 it 000 0 d 020 $a9788834895955 035 $ab13889205-39ule_inst 040 $aDip.to Studi Giuridici$bita 082 0 $a347.4507$222 100 1 $aRicci, Gian Franco$0240946 245 13$aLa riforma del processo civile :$bLegge 18 giugno 2009, n. 69 : disposizioni per lo sviluppo economico, la semplificazione, la competitivit? nonch? in materia di processo civile /$cGian Franco Ricci 260 $aTorino :$bGiappichelli,$cc2009 300 $axi, 133 p. ;$c24 cm 650 04$aProcesso civile$xRiforma 907 $a.b13889205$b02-04-14$c17-03-10 912 $a991000644479707536 945 $aLE027 347.07 RIC01.01$g1$i2027000238682$lle027$o-$pE16.00$q-$rl$s- $t0$u3$v1$w3$x0$y.i15123133$z05-05-10 996 $aRiforma del processo civile$9224713 997 $aUNISALENTO 998 $ale027$b17-03-10$cm$da $e-$f $git $h3$i0